Geography Quiz

Random Geography or City Quiz

Cities Sorting Gallery X Quiz Stats

 Plays Quiz Updated Aug 18, 2019

Score 0/55 Timer 07:00
0 Plays Today
% Correct
Ankara
94.8%
Istanbul
93.8%
Boston
92.2%
Houston
91.7%
Albuquerque
90.2%
Tallahassee
89.4%
Anchorage
88.7%
Reykjavík
88.1%
Tulsa
87.5%
Caracas
87.3%
Tehran
85.8%
Hafnarfjörður
84.6%
Isafjörður
83.3%
Antalya
82%
Anaheim
81.8%
Kathmandu
81.5%
Minsk
81.2%
Puerto La Cruz
80.2%
Los Teques
77.7%
Kópavogur
77.1%
Corpus Christi
77%
Ciudad Guayana
76.1%
Izmir
74.8%
Maracaibo
72.9%
Cumaná
72.7%
Punto Fijo
71.2%
Zanzibar City
70%
Dar es Salaam
69.8%
% Correct
Babruysk
68.7%
Barquisimeto
66.9%
Mwanza
65.3%
Vitebsk
64.6%
Adana
63.4%
Khorramabad
62%
Isfahan
61.5%
Bursa
59.5%
Dodoma
58.9%
Castries
56.8%
Mashhad
55.7%
Maracay
55.6%
Funafuti
54.8%
Mbeya
54.3%
Mogilev
53.6%
Qom
53.5%
Yazd
52.8%
Gaziantep
50.3%
Edirne
48.3%
Vieux Fort
46%
Trabzon
44.3%
Biratnagar
38.6%
Konya
36.7%
Arusha
36.6%
Moshi
36.4%
Selfoss
33.4%
Pokhara
32.4%

You're not logged in!

Compare scores with friends on all Sporcle quizzes.
OR
Log In

Sporcle TV

Today on Sporcle TV


Watch our educational content, quiz creation guides, and fun videos on Sporcle TV.

Show Comments

Extras

Top Quizzes Today


Score Distribution

Your Account Isn't Verified!

In order to create a playlist on Sporcle, you need to verify the email address you used during registration. Go to your Sporcle Settings to finish the process.

Report this User

Report this user for behavior that violates our Community Guidelines.

Details: